Normal view MARC view

Entry Geographic Name

Number of records used in: 1

001 - CONTROL NUMBER

  • control field: 54388

003 - CONTROL NUMBER IDENTIFIER

  • control field: dpl

005 - DATE AND TIME OF LATEST TRANSACTION

  • control field: 20121218113519.0

008 - FIXED-LENGTH DATA ELEMENTS

  • fixed length control field: 121218|||a|||||| | ||| d

040 ## - CATALOGING SOURCE

  • Original cataloging agency: dpl
  • Transcribing agency: dpl

151 ## - HEADING--GEOGRAPHIC NAME

  • Geographic name: Malwa (Madhya Pradesh and Rajasthan, India)
  • General subdivision: History.

670 ## - SOURCE DATA FOUND

  • Source citation: Work cat.: (dpl)0: Basant, P. K. 54387, The city and the country in early India :, 2012

670 ## - SOURCE DATA FOUND

  • Source citation: Work cat.: (dpl)0: Basant, P. K. 54387, The city and the country in early India :, 2012

© Delhi Public Library
Hit Counter
free hit counter